000 01197cam a22001814a 4500
005 20250605164347.0
008 250528s ||||||||||||||||||||||||d
035 _a23959
040 _aGR-AtMCL
_bgre
_dGR-AtMCL
_eAACR2
245 1 _aΕπειδή Ε΄ιμαι στο Ντουλάπι δεν Σημαίνει ότι δεν Είμαι από 100& Φυσικό Γάλα! / Γάλατα Υπάρχουν Πολλά, ΝΟΥΝΟΥ όμως Ένα
260 _c2019
520 _aΗ Στρατηγική μας για το Μέλλον Κινείται Γύρω από το Segment of One, Το Agency που Εξελίσσεται Μαζί με τους Πελάτες του, Tech-Powered Φυσικότητα και 360ο Επικοινωνία, Η Μάχη του Social Commerce Έχει Ξεκινήσει, Εξειδίκευση και Functionality και Βιωσιμότητα Βγαίνουν από τη Σκιά, Communities και Messaging και Co-Creation και στην Επόμενη Μέρα του Social Media Marketing.
700 1 _aΜπούσιας Μιχάλης Κ
_99357
942 _cCR
710 2 _aThe Marketing Week
_99825
999 _c8870
_d8870